London
Content: Come with us to London - a city as old as the Romans, and as new as the twenty-first century. There are places to go - from Oxford Street to Westminster Abbey, from Shakespeare's Globe Theatre to Wimbledon Tennis Club. And things to do - ride on the London Eye, visit the markets, go to...
Αποθηκεύτηκε σε:
| Κύριος συγγραφέας: | |
|---|---|
| Μορφή: | Βιβλίο |
| Γλώσσα: | Undetermined |
| Έκδοση: |
Oxford, England
Oxford University Press
2008
|
| Θέματα: | |
| Ετικέτες: |
Προσθήκη ετικέτας
Δεν υπάρχουν, Καταχωρήστε ετικέτα πρώτοι!
|
| Thư viện lưu trữ: | Trung tâm Học liệu Trường Đại học Cần Thơ |
|---|
| LEADER | 00963nam a2200217Ia 4500 | ||
|---|---|---|---|
| 001 | CTU_188406 | ||
| 008 | 210402s9999 xx 000 0 und d | ||
| 020 | |c 67000 | ||
| 082 | |a 942.1086 | ||
| 082 | |b E74/B.1 | ||
| 100 | |a Escott, John. | ||
| 245 | 0 | |a London | |
| 245 | 0 | |c John Escott | |
| 260 | |a Oxford, England | ||
| 260 | |b Oxford University Press | ||
| 260 | |c 2008 | ||
| 520 | |a Content: Come with us to London - a city as old as the Romans, and as new as the twenty-first century. There are places to go - from Oxford Street to Westminster Abbey, from Shakespeare's Globe Theatre to Wimbledon Tennis Club. And things to do - ride on the London Eye, visit the markets, go to the theatre, run in the London Marathon. Big, beautiful, noisy, exciting - that's London. | ||
| 650 | |a London (England),London | ||
| 650 | |x Guidebooks.,Sách hướng dẫn du lịch | ||
| 904 | |i Tuyến | ||
| 980 | |a Trung tâm Học liệu Trường Đại học Cần Thơ | ||